Engineering Mathematics. (Record no. 917)

MARC details
005 - DATE AND TIME OF LATEST TRANSACTION
control field 20250319074914.0
020 ## - INTERNATIONAL STANDARD BOOK NUMBER
International Standard Book Number 978-0-415-66280-2
082 ## - DEWEY DECIMAL CLASSIFICATION NUMBER
Classification number 510.246 BIR
100 ## - MAIN ENTRY--PERSONAL NAME
Author name BIRD, J.
245 ## - TITLE STATEMENT
Title Engineering Mathematics.
250 ## - EDITION STATEMENT
Edition statement 7th Ed.
260 ## - PUBLICATION, DISTRIBUTION, ETC.
Place of publication, distribution, etc. New York,
Name of publisher, distributor, etc. Routledge,
Date of publication, distribution, etc. 2014.
300 ## - PHYSICAL DESCRIPTION
Extent xii,691p.:Ill.;figures,tables.
Other physical details Index.
Dimensions 27cm.
856 ## - ELECTRONIC LOCATION AND ACCESS
Link text Access Online book
Electronic name Engineering
Path www.routledge.com/cw/bird
942 ## - ADDED ENTRY ELEMENTS (KOHA)
Source of classification or shelving scheme Dewey Decimal Classification
Koha item type Books
Holdings
Date last seen Total checkouts Full call number Barcode Cost, replacement price Price effective from Koha item type Lost status Source of classification or shelving scheme Damaged status Not for loan Withdrawn status Home library Current library Shelving location Date acquired Cost, normal purchase price
03/19/2025   510.246 BIR 0000003684 198000.00 03/19/2025 Books   Dewey Decimal Classification       College of Business Education Main Library College of Business Education Main Library General Collection 03/19/2025 66000.00
03/19/2025   510.246 BIR 0000003685 198000.00 03/19/2025 Books   Dewey Decimal Classification       College of Business Education Main Library College of Business Education Main Library General Collection 03/19/2025 66000.00
03/19/2025   510.246 BIR 0000003686 198000.00 03/19/2025 Books   Dewey Decimal Classification       College of Business Education Main Library College of Business Education Main Library General Collection 03/19/2025 66000.00
03/19/2025   510.246 BIR 0000003687 198000.00 03/19/2025 Books   Dewey Decimal Classification       College of Business Education Main Library College of Business Education Main Library General Collection 03/19/2025 66000.00